Jualan Parti Demo Promosi : panduan lengkap untuk meningkatkan jualan anda

Bibliographic Details
Main Author: Sharifah Aberizah Ainon
Format: Book
Published: Kuala Lumpur : SN Future Enterprise , 1995
Subjects:

MARC

LEADER 00000cam a2200000 7i4500
001 0000009668
005 20101210.0
008 101210 bm
020 |a 9839919504 
090 0 0 |a 658.8 SHA 
100 1 |a Sharifah Aberizah Ainon 
245 1 0 |a Jualan Parti Demo Promosi :   |b panduan lengkap untuk meningkatkan jualan anda   |c Sharifah Aberizah Ainon 
260 |a Kuala Lumpur :   |b SN Future Enterprise ,   |c 1995 
300 |a 65p. :   |b ill. ;   |c 21cm. 
650 0 0 |a Direct selling 
999 |a 92258   |b Buku   |c Rak Terbuka   |e Perpustakaan Cawangan Masjid Tanah 
999 |a 92263   |b Buku   |c Rak Terbuka   |e Perpustakaan Cawangan Jasin 
999 |a 92264   |b Buku   |c Rak Terbuka   |e Perpustakaan Cawangan Merlimau